000 00410nam a22001697a 4500
005 20160630115416.0
008 160630b xxu||||| |||| 00| 0 eng d
020 _a978-93-80027-12-8
041 _aeng
082 _b13760
100 _aAgarwal, R K
_93224
245 _aPrinciples of electric machine design
260 _bKatson
_c2012
300 _a1650
650 _aDiploma Engineering
_9817
942 _cBK
999 _c4907
_d4905